Statistics for Most Assists in Europe's Top 5 Leagues 2022/23

Click here to take the quiz!

General Stats

  • This quiz has been taken 47 times
  • The average score is 12 of 27

Answer Stats

#AssistsClubAnswer% Correct
116Manchester CityKevin De Bruyne
100%
116Atletico MadridAntoine Griezmann
92%
412LiverpoolMohamed Salah
92%
116Paris Saint-GermainLionel Messi
90%
711ArsenalBukayo Saka
87%
711Paris Saint-GermainNeymar
82%
179Real MadridVinicius Junior
67%
1110NapoliKhvicha Kvaratskhelia
56%
711Eintracht FrankfurtRandal Kolo Muani
56%
179LiverpoolTrent Alexander-Arnold
56%
711Crystal PalaceMichael Olise
54%
1110Manchester CityRiyad Mahrez
54%
179Leicester CityJames Maddison
49%
412Borussia DortmundRaphaël Guerreiro
36%
1110Bayern MunichJamal Musiala
33%
412ArsenalLeandro Trossard
31%
179Borussia MönchengladbachAlassane Pléa
26%
179Borussia MönchengladbachJonas Hofmann
26%
1110RennesBenjamin Bourigeaud
21%
179Olympique MarseilleJonathan Clauss
21%
1110FC KolnFlorian Kainz
15%
179Real SociedadMikel Merino
15%
179RC LensFlorian Sotoca
10%
179Werder BremenMitchell Weiser
10%
1110LillesRémy Cabella
8%
1791899 HoffenheimAngeliño
3%
179AS MonacoCaio Henrique
3%

Score Distribution

Percentile by Number Answered

Percent of People with Each Score

Your Score History

You have not taken this quiz